<?xml version="1.0" encoding="UTF-8"?><marc:collection xmlns:marc="http://www.loc.gov/MARC21/slim">
  <marc:record>
    <marc:leader>02987nam#a2200613#cb4500</marc:leader>
    <marc:controlfield tag="001">990219437800206441</marc:controlfield>
    <marc:controlfield tag="003">DE-605</marc:controlfield>
    <marc:controlfield tag="005">20250113053452.0</marc:controlfield>
    <marc:controlfield tag="007">cr#|||||||||||</marc:controlfield>
    <marc:controlfield tag="008">170905|2017####gw #####o#####|||#|#ger#c</marc:controlfield>
    <marc:datafield tag="035" ind1=" " ind2=" ">
      <marc:subfield code="a">(DE-605)HT019439711</marc:subfield>
    </marc:datafield>
    <marc:datafield tag="035" ind1=" " ind2=" ">
      <marc:subfield code="a">(DE-599)HBZHT019439711</marc:subfield>
    </marc:datafield>
    <marc:datafield tag="040" ind1=" " ind2=" ">
      <marc:subfield code="a">1116</marc:subfield>
      <marc:subfield code="b">ger</marc:subfield>
      <marc:subfield code="c">DE-605</marc:subfield>
      <marc:subfield code="d">DE-605</marc:subfield>
      <marc:subfield code="e">rda</marc:subfield>
    </marc:datafield>
    <marc:datafield tag="041" ind1=" " ind2=" ">
      <marc:subfield code="a">ger</marc:subfield>
    </marc:datafield>
    <marc:datafield tag="044" ind1=" " ind2=" ">
      <marc:subfield code="c">XA-DE</marc:subfield>
    </marc:datafield>
    <marc:datafield tag="049" ind1=" " ind2=" ">
      <marc:subfield code="a">DE-1116-DLR</marc:subfield>
    </marc:datafield>
    <marc:datafield tag="049" ind1=" " ind2=" ">
      <marc:subfield code="a">DE-1116</marc:subfield>
    </marc:datafield>
    <marc:datafield tag="084" ind1=" " ind2=" ">
      <marc:subfield code="a">XC 5300</marc:subfield>
      <marc:subfield code="2">rvk</marc:subfield>
    </marc:datafield>
    <marc:datafield tag="100" ind1="1" ind2=" ">
      <marc:subfield code="a">Albring, Manfred</marc:subfield>
      <marc:subfield code="d">1943-</marc:subfield>
      <marc:subfield code="0">(DE-588)115369481</marc:subfield>
      <marc:subfield code="4">edt</marc:subfield>
      <marc:subfield code="e">Herausgeber</marc:subfield>
    </marc:datafield>
    <marc:datafield tag="245" ind1="1" ind2="0">
      <marc:subfield code="a">Gröhes Gesundheitspolitik – Bilanz und Ausblick</marc:subfield>
      <marc:subfield code="c">Verantwortlich: Dr. Manfred Albring, Helmut Laschet</marc:subfield>
    </marc:datafield>
    <marc:datafield tag="264" ind1=" " ind2="1">
      <marc:subfield code="a">Berlin</marc:subfield>
      <marc:subfield code="b">albring &amp; albring pharmaceutical relations GmbH</marc:subfield>
      <marc:subfield code="c">2017</marc:subfield>
    </marc:datafield>
    <marc:datafield tag="300" ind1=" " ind2=" ">
      <marc:subfield code="a">25 Seiten</marc:subfield>
      <marc:subfield code="b">Diagramme</marc:subfield>
    </marc:datafield>
    <marc:datafield tag="336" ind1=" " ind2=" ">
      <marc:subfield code="a">Text</marc:subfield>
      <marc:subfield code="b">txt</marc:subfield>
      <marc:subfield code="2">rdacontent</marc:subfield>
    </marc:datafield>
    <marc:datafield tag="337" ind1=" " ind2=" ">
      <marc:subfield code="a">Computer</marc:subfield>
      <marc:subfield code="b">c</marc:subfield>
      <marc:subfield code="2">rdamedia</marc:subfield>
    </marc:datafield>
    <marc:datafield tag="338" ind1=" " ind2=" ">
      <marc:subfield code="a">Online-Ressource</marc:subfield>
      <marc:subfield code="b">cr</marc:subfield>
      <marc:subfield code="2">rdacarrier</marc:subfield>
    </marc:datafield>
    <marc:datafield tag="490" ind1="1" ind2=" ">
      <marc:subfield code="a">IMPLICONplus</marc:subfield>
      <marc:subfield code="v">09/2017</marc:subfield>
    </marc:datafield>
    <marc:datafield tag="505" ind1="8" ind2="0">
      <marc:subfield code="t">"Mehr Versorgungssicherheit in Deutschland – die Politik muss entscheiden"</marc:subfield>
      <marc:subfield code="r">von Bork Bretthauer</marc:subfield>
    </marc:datafield>
    <marc:datafield tag="505" ind1="8" ind2="0">
      <marc:subfield code="t">Reformbaustelle AMNOG: Geburtsfehler und Lernschwächen</marc:subfield>
      <marc:subfield code="r">von Dieter Cassel</marc:subfield>
    </marc:datafield>
    <marc:datafield tag="505" ind1="8" ind2="0">
      <marc:subfield code="t">Arzneimittelversorgung: Mehr Mut!</marc:subfield>
      <marc:subfield code="r">von Norbert Gerbsch</marc:subfield>
    </marc:datafield>
    <marc:datafield tag="505" ind1="8" ind2="0">
      <marc:subfield code="t">"Lernende Systeme" müssen auch lernfähig sein!</marc:subfield>
      <marc:subfield code="r">von Gerd Glaeske</marc:subfield>
    </marc:datafield>
    <marc:datafield tag="505" ind1="8" ind2="0">
      <marc:subfield code="t">Leidenschaft und Augenmaß gefragt</marc:subfield>
      <marc:subfield code="r">von Christopher Hermann</marc:subfield>
    </marc:datafield>
    <marc:datafield tag="505" ind1="8" ind2="0">
      <marc:subfield code="t">Mehr Wettbewerb wagen: Taten statt Rhetorik</marc:subfield>
      <marc:subfield code="r">von Klaus Jacobs</marc:subfield>
    </marc:datafield>
    <marc:datafield tag="505" ind1="8" ind2="0">
      <marc:subfield code="t">&lt;&lt;Der&gt;&gt; rasende Stillstand – Rück- und Ausblicke</marc:subfield>
      <marc:subfield code="r">von Franz Knieps</marc:subfield>
    </marc:datafield>
    <marc:datafield tag="505" ind1="8" ind2="0">
      <marc:subfield code="t">Vorfahrt für Patienten: Wettbewerb um Qualität</marc:subfield>
      <marc:subfield code="r">von Heinz Lohmann</marc:subfield>
    </marc:datafield>
    <marc:datafield tag="505" ind1="8" ind2="0">
      <marc:subfield code="t">multum non multa – viele Gesetze ohne ordnungspolitische Orientierung</marc:subfield>
      <marc:subfield code="r">von Günter Neubauer</marc:subfield>
    </marc:datafield>
    <marc:datafield tag="505" ind1="8" ind2="0">
      <marc:subfield code="t">Reformen ‚as usual‘ oder Zeit für einen Neustart?</marc:subfield>
      <marc:subfield code="r">von Norbert Schmacke</marc:subfield>
    </marc:datafield>
    <marc:datafield tag="505" ind1="8" ind2="0">
      <marc:subfield code="t">Integrierte Versorgung, Finanzierung und Digitalisierung</marc:subfield>
      <marc:subfield code="r">von Volker Ulrich</marc:subfield>
    </marc:datafield>
    <marc:datafield tag="700" ind1="1" ind2=" ">
      <marc:subfield code="a">Laschet, Helmut</marc:subfield>
      <marc:subfield code="4">edt</marc:subfield>
      <marc:subfield code="e">Herausgeber</marc:subfield>
    </marc:datafield>
    <marc:datafield tag="700" ind1="1" ind2=" ">
      <marc:subfield code="a">Bretthauer, Bork</marc:subfield>
      <marc:subfield code="4">aut</marc:subfield>
      <marc:subfield code="e">Verfasser</marc:subfield>
    </marc:datafield>
    <marc:datafield tag="700" ind1="1" ind2=" ">
      <marc:subfield code="a">Cassel, Dieter</marc:subfield>
      <marc:subfield code="d">1939-</marc:subfield>
      <marc:subfield code="0">(DE-588)128496649</marc:subfield>
      <marc:subfield code="4">aut</marc:subfield>
      <marc:subfield code="e">Verfasser</marc:subfield>
    </marc:datafield>
    <marc:datafield tag="700" ind1="1" ind2=" ">
      <marc:subfield code="a">Gerbsch, Norbert</marc:subfield>
      <marc:subfield code="4">aut</marc:subfield>
      <marc:subfield code="e">Verfasser</marc:subfield>
    </marc:datafield>
    <marc:datafield tag="700" ind1="1" ind2=" ">
      <marc:subfield code="a">Glaeske, Gerd</marc:subfield>
      <marc:subfield code="d">1945-2022</marc:subfield>
      <marc:subfield code="0">(DE-588)109435524</marc:subfield>
      <marc:subfield code="4">aut</marc:subfield>
      <marc:subfield code="e">Verfasser</marc:subfield>
    </marc:datafield>
    <marc:datafield tag="700" ind1="1" ind2=" ">
      <marc:subfield code="a">Hermann, Christopher</marc:subfield>
      <marc:subfield code="d">1955-</marc:subfield>
      <marc:subfield code="0">(DE-588)170086542</marc:subfield>
      <marc:subfield code="4">aut</marc:subfield>
      <marc:subfield code="e">Verfasser</marc:subfield>
    </marc:datafield>
    <marc:datafield tag="700" ind1="1" ind2=" ">
      <marc:subfield code="a">Jacobs, Klaus</marc:subfield>
      <marc:subfield code="d">1957-</marc:subfield>
      <marc:subfield code="0">(DE-588)132226332</marc:subfield>
      <marc:subfield code="4">aut</marc:subfield>
      <marc:subfield code="e">Verfasser</marc:subfield>
    </marc:datafield>
    <marc:datafield tag="700" ind1="1" ind2=" ">
      <marc:subfield code="a">Knieps, Franz</marc:subfield>
      <marc:subfield code="d">1956-</marc:subfield>
      <marc:subfield code="0">(DE-588)141778121</marc:subfield>
      <marc:subfield code="4">aut</marc:subfield>
      <marc:subfield code="e">Verfasser</marc:subfield>
    </marc:datafield>
    <marc:datafield tag="700" ind1="1" ind2=" ">
      <marc:subfield code="a">Lohmann, Heinz</marc:subfield>
      <marc:subfield code="d">1948-</marc:subfield>
      <marc:subfield code="0">(DE-588)124876242</marc:subfield>
      <marc:subfield code="4">aut</marc:subfield>
      <marc:subfield code="e">Verfasser</marc:subfield>
    </marc:datafield>
    <marc:datafield tag="700" ind1="1" ind2=" ">
      <marc:subfield code="a">Neubauer, Günter</marc:subfield>
      <marc:subfield code="d">1941-</marc:subfield>
      <marc:subfield code="0">(DE-588)129449229</marc:subfield>
      <marc:subfield code="4">aut</marc:subfield>
      <marc:subfield code="e">Verfasser</marc:subfield>
    </marc:datafield>
    <marc:datafield tag="700" ind1="1" ind2=" ">
      <marc:subfield code="a">Schmacke, Norbert</marc:subfield>
      <marc:subfield code="d">1948-</marc:subfield>
      <marc:subfield code="0">(DE-588)110547071</marc:subfield>
      <marc:subfield code="4">aut</marc:subfield>
      <marc:subfield code="e">Verfasser</marc:subfield>
    </marc:datafield>
    <marc:datafield tag="700" ind1="1" ind2=" ">
      <marc:subfield code="a">Ulrich, Volker</marc:subfield>
      <marc:subfield code="d">1958-</marc:subfield>
      <marc:subfield code="0">(DE-588)122177592</marc:subfield>
      <marc:subfield code="4">aut</marc:subfield>
      <marc:subfield code="e">Verfasser</marc:subfield>
    </marc:datafield>
    <marc:datafield tag="830" ind1=" " ind2="0">
      <marc:subfield code="a">IMPLICONplus</marc:subfield>
      <marc:subfield code="w">(DE-605)HT018944859</marc:subfield>
      <marc:subfield code="v">2017,9</marc:subfield>
    </marc:datafield>
    <marc:datafield tag="856" ind1="4" ind2=" ">
      <marc:subfield code="u">http://www.implicon.de/impliconplus</marc:subfield>
      <marc:subfield code="x">Verlag</marc:subfield>
      <marc:subfield code="z">Download für registrierte Abonnenten</marc:subfield>
    </marc:datafield>
    <marc:datafield tag="924" ind1="1" ind2=" ">
      <marc:subfield code="a">990219437800206441</marc:subfield>
      <marc:subfield code="b">DE-1116-DLR</marc:subfield>
      <marc:subfield code="c">NRW</marc:subfield>
      <marc:subfield code="d">d</marc:subfield>
    </marc:datafield>
    <marc:datafield tag="924" ind1="1" ind2=" ">
      <marc:subfield code="a">990219437800206441</marc:subfield>
      <marc:subfield code="b">DE-1116</marc:subfield>
      <marc:subfield code="c">NRW</marc:subfield>
      <marc:subfield code="d">d</marc:subfield>
    </marc:datafield>
    <marc:datafield tag="960" ind1="1" ind2=" ">
      <marc:subfield code="i">iall</marc:subfield>
    </marc:datafield>
  </marc:record>
</marc:collection>
